000 00426nam a2200145 i 4500
001 150716
003 ES-MaACL
005 20230906203646.0
007 t|
008 071106s1922 gw ||||1| ger d
100 1 _aFajans, Kasimir.
_948668
245 1 0 _aRadioaktivitèat und die neueste Entwicklung der Lehre von den chemischen Elementen /
_cvon K. Fajans.
260 _aBraunschweig,
_c1922.
852 _aES-MaACL
_j1640-F-8
999 _c150716
_d150716